مكتبة جامعة عجلون الوطنية

فهرس بحث المكتبة

Normal view MARC view
  • البحث العلمي-العلوم الاجتماعية-العلوم الانسانية-البحوث

Entry Topical Term

Number of records used in: 1

001 - CONTROL NUMBER

  • control field: 61641

003 - CONTROL NUMBER IDENTIFIER

  • control field: JO-AjAnu

005 - DATE AND TIME OF LATEST TRANSACTION

  • control field: 20230606084054.0

008 - FIXED-LENGTH DATA ELEMENTS

  • fixed length control field: 230606|| aca||aabn | a|a d

040 ## - CATALOGING SOURCE

  • Original cataloging agency: JO-AjAnu
  • Transcribing agency: JO-AjAnu

150 ## - HEADING--TOPICAL TERM

  • Topical term or geographic name entry element: البحث العلمي-العلوم الاجتماعية-العلوم الانسانية-البحوث

670 ## - SOURCE DATA FOUND

  • Source citation: Work cat.: (JO-AjAnu)31440: مطر، حازم محمد ابراهيم، م مشارك جمانة محمد رمضان سيد , author 61640, منهجية البحث العلمي في العلوم الاجتماعية والعلوم الانسانية